000 00488nam a2200169Ia 4500
999 _c28904
_d28904
003 OSt
005 20201119114925.0
008 190216s9999||||xx |||||||||||||| ||und||
040 _coclc
082 _a894.8123
_bSIV/G
100 _aSivakumar, Ettumanoor
_96770
245 0 _aGandharvankadu /
_cEttumanoor Sivakumar
260 _bOrient Publishers,
_aKozhikode:
_c2006.
300 _a168p
650 _aNovel
942 _cBK
_2ddc
_h894.8123
_iSIV/G
_k894.8123
_mSIV/G